000 00702nam a22001457a 4500
999 _c63568
_d63568
003 Ge_BSU
005 20251103144557.0
008 251103s1993 ge ||||| |||| 00| 0 geo d
041 _ageo
080 _a657.15 ბ-98
245 _aბუღალტრული აღრიცხვის საერთაშორისო სტანდარტი ბასს 9 :
_bსამეცნიერო-კვლევით და საცდელ-საკონსტრუქტორო სამუშაოებზე გაწეული დანახარჯები.
264 _aთბილისი,
_c1993.
300 _a20 გვ. ;
_b20 სმ.
942 _2udc
_cᲬᲘᲒᲜᲘ